|
|
|
|
| LEADER |
00000nam2a2200000 4500 |
| 001 |
674652 |
| 005 |
20250924095103.0 |
| 010 |
|
|
|a 978-5-94178-509-4
|
| 090 |
|
|
|a 674652
|
| 100 |
|
|
|a 20240918d2024 m||y0rusy50 ca
|
| 101 |
0 |
|
|a rus
|
| 102 |
|
|
|a RU
|
| 105 |
|
|
|a a j 001yy
|
| 181 |
|
0 |
|a i
|b e
|
| 182 |
|
0 |
|a n
|
| 183 |
|
0 |
|a nc
|2 RDAcarrier
|
| 200 |
0 |
|
|a Т. 8
|
| 205 |
|
|
|a 8-е изд., перераб.
|
| 210 |
|
|
|d 2024
|
| 215 |
|
|
|a 361 с.
|c ил.
|
| 283 |
|
|
|a volume
|2 RDAcarrier
|
| 320 |
|
|
|a Библиографический список: с. 346-360
|
| 330 |
|
|
|a В издании приведены сведения о приспособлениях, используемых при обработке поверхностей на протяжных станках, об изготовлении деталей зубчатых передач. Дано описание конструкции специальных оправок для обработки деталей на металлообрабатывающих станках. Предназначено для студентов высших учебных заведений, обучающихся по направлению "Конструкторско-технологическое обеспечение машиностроительных производств", а также может быть полезно инженерно-техническим работникам в процессе проектирования оснастки. При составлении пособия использованы материалы отечественных и зарубежных источников технической литературы.
|
| 461 |
|
1 |
|0 676159
|9 676159
|a Схиртладзе, Александр Георгиевич
|c Старый Оскол
|d 2022-2026
|f А. Г. Схиртладзе, С. Н. Григорьев, В. П. Борискин
|n ТНТ
|o учебное пособие
|t Технологическая оснастка машиностроительных производств
|v Т. 8
|y 978-5-94178-377-9
|
| 606 |
1 |
|
|a Машиностроительные заводы
|x Оснастка технологическая
|x Расчет потребностей
|2 stltpush
|3 (RuTPU)RU\TPU\subj\41556
|9 61345
|
| 610 |
1 |
|
|a зубообрабатывающие станки
|
| 610 |
1 |
|
|a резьбообрабатывающие станки
|
| 610 |
1 |
|
|a приспособления
|
| 610 |
1 |
|
|a протяжные станки
|
| 610 |
1 |
|
|a специальные оправки
|
| 610 |
1 |
|
|a конструкции
|
| 610 |
1 |
|
|a учебные пособия
|
| 675 |
|
|
|a 621.002:658.563(075.8)
|v 4
|
| 700 |
|
1 |
|a Схиртладзе
|b А. Г.
|g Александр Георгиевич
|
| 701 |
|
1 |
|a Григорьев
|b С. Н.
|g Сергей Николаевич
|
| 701 |
|
1 |
|a Борискин
|b В. П.
|g Владимир Петрович
|
| 801 |
|
0 |
|a RU
|b 63413507
|c 20240923
|
| 850 |
|
|
|a 63413507
|
| 942 |
|
|
|c BK
|